00325nam a22001217a 450000500170000002000180001708400100003510000170004524500430006226000410010530000150014665000420016120260103115847.0 a9789814390910 a530.4 aFlude, Peter aCorrelated electrons in quantum matter aSingapore:bWorld Scientific,c2012. axiii,535p. aConstitution and properties of matter